000
00284nam a22001217a 4500
020
_a
8176489352
082
_a
331.702 SIN
100
_a
Singh, Yogesh Kumar
245
_a
Guidance and career counselling
260
_a
New Delhi
_b
APH publishing
_c
2005
300
_a
424p
942
_c
BK
999
_c
3506
_d
3506